| 000 | 00360 a2200157 4500 | ||
|---|---|---|---|
| 001 | 59817 | ||
| 020 | _a9783551352972 | ||
| 040 | _cAnchieta - Pituba | ||
| 100 | _aGoudge, Elizabeth | ||
| 240 | 1 | 0 |
_aDas kleine weibe Pferd _lpor |
| 245 | 1 | 0 | _aDas kleine weibe Pferd |
| 300 | _a344 | ||
| 362 | 0 | _a1995 | |
| 650 | 4 | _aLiteratura juvenil em alemão | |
| 942 | _cBK | ||
| 999 |
_c59817 _d59817 |
||